00523nam a2200193 a 4500001001300000003000900013005001700022008004100039020001000080082001900090100002100109245005100130260003800181300000900219500003500228505001600263650002900279700002100308nice12345678IN_TiNIC20260116011724.0050524s1971 usaa grp 000 0 eng  ac10000a500.80201bEDD aEddy, Mary Baker aScience and Health With Key to the Scriptures. aUSAbFirst Church of Christc1971 a700p aincludes index and biblioraphy2 aUrdu-Arabic aChristianity and Science1 aEddy, Mary Baker